Niezapomniane Jedenastki #9: Polska 1974 - Statystyki

Ogólne statystyki
  • Ten quiz został rozwiązany 112 razy
  • Średni wynik to 8 z 11
Statystyki odpowiedzi
Pozycja Klub Inicjały Zawodnik % Poprawnych
PS Stal Mielec GL Grzegorz Lato
99%
ŚPO Legia Warszawa KD Kazimierz Deyna
96%
BR Łódzki KS JT Jan Tomaszewski
94%
N Górnik Zabrze AS Andrzej Szarmach
84%
ŚO Gwardia Warszawa Władysław Żmuda
83%
ŚO Górnik Zabrze JG Jerzy Gorgoń
74%
LS Legia Warszawa RG Robert Gadocha
68%
ŚP Stal Mielec HK Henryk Kasperczak
62%
PO Wisła Kraków AS Antoni Szymanowski
44%
LO Wisła Kraków AM Adam Musiał
34%
ŚP Ruch Chorzów ZM Zygmunt Maszczyk
26%
Nie znaleziono quizów pasujących do podanych kryteriów
Rozkład punktacji
Procent ludzi z każdym wynikiem
Percentyl według liczby udzielonych odpowiedzi
Twoja historia wyników
Nie rozwiązałeś tego quizu